Statistics for 2017 Indy 500 Drivers

Click here to take the quiz!

General Stats

  • This quiz has been taken 35 times
  • The average score is 25 of 33

Answer Stats

TeamNumberCountryDriver% Correct
Penske3BrazilHélio Castroneves
100%
Andretti27U.S.A.Marco Andretti
100%
Chip Ganassi9New ZealandScott Dixon
100%
Andretti26JapanTakuma Sato
100%
Penske12AustraliaWill Power
100%
Ed Carpenter20U.S.A.Ed Carpenter
95%
Andretti28U.S.A.Ryan Hunter-Reay
95%
Penske1FranceSimon Pagenaud
95%
Rahal Letterman Lanigan15U.S.A.Graham Rahal
90%
Schmidt Peterson5CanadaJames Hinchcliffe
90%
Penske22ColombiaJuan Pablo Montoya
90%
Dale Coyne19U.A.E.Ed Jones
85%
McLaren-Honda-Andretti29SpainFernando Alonso
85%
Andretti Herta98U.S.A.Alexander Rossi
80%
Penske2U.S.A.Josef Newgarden
80%
Rahal Letterman Lanigan16SpainOriol Servià
80%
Chip Ganassi83U.S.A.Charlie Kimball
75%
Schmidt Peterson7RussiaMikhail Aleshin
75%
Chip Ganassi10BrazilTony Kanaan
70%
Lazier Partners44U.S.A.Buddy Lazier
65%
A. J. Foyt14ColombiaCarlos Muñoz
65%
Harding88ColombiaGabby Chaves
65%
Ed Carpenter21U.S.A.J.R. Hildebrand
65%
Dale Coyne63U.K.Pippa Mann
65%
Chip Ganassi8U.K.Max Chilton
60%
Juntos11U.S.A.Spencer Pigot
60%
Schmidt Peterson77U.K.Jay Howard
55%
A. J. Foyt4U.S.A.Conor Daly
50%
Dreyer & Reinbold24U.S.A.Sage Karam
50%
Juncos17ColombiaSebastián Saavedra
50%
Dale Coyne18AustraliaJames Davison
45%
Michael Shank50U.S.A.Jack Harvey
35%
A. J. Foyt40U.S.A.Zach Veach
35%

Score Distribution

Percentile by Number Answered

Percent of People with Each Score

Your Score History

You have not taken this quiz